000 00480nam a2200181Ia 4500
001 4501
005 20260306145800.0
008 260306t2009||||xx |||||||||||||| ||spa||
041 _aESP
082 _a323.4
_bR45
100 _aReuben, William
_eAUT
245 0 _aEl estado de la indocumentación infantil en el Perú:
_bhallazgos y propuestas de política
260 _c2009
300 _a50 páginas :
_c28 cm.
650 _aGEN
654 _aCHU
942 _cLIB
_dJUS
_fJUS
_2ddc
_n
999 _c4501
_d4501